000 00807nam a2200289Ia 4500
003 OSt
005 20221006145810.0
006 a|||||r|||| 00| 0
007 ta
008 221006b |||||||| |||| 00| 0 eng d
020 _c200.00
024 _a15,970
037 _cTextual
040 _aEASL
_cEASL
_beng
041 _2eng
_aeng
082 _aY:6.41.N7, L9
100 _aWILSON Richard W etc. Ed.
_9655263
245 0 _aValue change in Chinese society
260 _aNew York
_bPraeger
_c1979
300 _a309p.
_ccm.
490 _v RS
650 _a CEL
650 _a Domestic architecture in TaiwanChinese Health Care Policies
_9655264
650 _aConfucianism
_9590754
942 _hY:6.41.N7, L9
_cTEXL
_2CC
999 _c1084056
_d1084056